000 00401nam a22001577a 4500
003 LK-CoMWRAF
005 20231212111526.0
008 231212b |||||||| |||| 00| 0 eng d
040 _aLK-CoMWRAF
_dLK-CoMWRAF
_eLK-CoMWRAF
041 _aeng
082 _a297
_bVER
245 _aVernathee
260 _aColombo :
_bMuslim women's research and action forum,
_c2020
650 _aVernathee
942 _cBK
999 _c4361
_d4361